<?xml version="1.0" encoding="UTF-8"?><?xml-stylesheet type="text/xsl" href="static/style.xsl"?><OAI-PMH xmlns="http://www.openarchives.org/OAI/2.0/" xmlns:xsi="http://www.w3.org/2001/XMLSchema-instance" xsi:schemaLocation="http://www.openarchives.org/OAI/2.0/ http://www.openarchives.org/OAI/2.0/OAI-PMH.xsd"><responseDate>2026-06-03T04:50:10Z</responseDate><request verb="GetRecord" identifier="oai:riuma.uma.es:10630/6645" metadataPrefix="marc">https://riuma.uma.es/rest/oai/request</request><GetRecord><record><header><identifier>oai:riuma.uma.es:10630/6645</identifier><datestamp>2026-02-03T12:52:33Z</datestamp><setSpec>com_10630_5701</setSpec><setSpec>com_10630_3139</setSpec><setSpec>com_10630_10</setSpec><setSpec>col_10630_6640</setSpec></header><metadata><record xmlns="http://www.loc.gov/MARC21/slim" xmlns:dcterms="http://purl.org/dc/terms/" xmlns:doc="http://www.lyncode.com/xoai" xmlns:xsi="http://www.w3.org/2001/XMLSchema-instance" xsi:schemaLocation="http://www.loc.gov/MARC21/slim http://www.loc.gov/standards/marcxml/schema/MARC21slim.xsd">
   <leader>00925njm 22002777a 4500</leader>
   <datafield ind2=" " ind1=" " tag="042">
      <subfield code="a">dc</subfield>
   </datafield>
   <datafield ind2=" " ind1=" " tag="720">
      <subfield code="a">Camacho Martínez, Rosario</subfield>
      <subfield code="e">author</subfield>
   </datafield>
   <datafield ind2=" " ind1=" " tag="260">
      <subfield code="c">2006</subfield>
   </datafield>
   <datafield ind2=" " ind1=" " tag="520">
      <subfield code="a">En este trabajo se presenta la actividad de una dinastía de maestros arquitectos del norte&#xd;
de Castilla, especialmente Manuel Gilaberte, que fue discípulo y colaborador de José Martín de&#xd;
Aldehuela, colaboración que ha permitido la atribución a éste de algunas obras, ya aclarada la&#xd;
autoría por la investigación documental.</subfield>
   </datafield>
   <datafield ind2=" " ind1=" " tag="520">
      <subfield code="a">This manuscript presents the activity of a northern castillian dinasty of master architects,&#xd;
in particular Manuel Gilaberte, pupil and co-worker of José Martín de Aldehuela, whose&#xd;
collaboration led to the atribution of some of his works to the alter, this now being cleared out&#xd;
through documental investigation.</subfield>
   </datafield>
   <datafield ind1="8" ind2=" " tag="024">
      <subfield code="a">CAMACHO MARTÍNEZ, ROSARIO "Los maestros Gilaberte, en el entorno de Molina de Aragón (Guadalajara), y su relación con José Martín de Aldehuela"</subfield>
   </datafield>
   <datafield ind1="8" ind2=" " tag="024">
      <subfield code="a">0212-5099</subfield>
   </datafield>
   <datafield ind1="8" ind2=" " tag="024">
      <subfield code="a">http://hdl.handle.net/10630/6645</subfield>
   </datafield>
   <datafield tag="653" ind2=" " ind1=" ">
      <subfield code="a">Gilaberte, Manuel</subfield>
   </datafield>
   <datafield ind2="0" ind1="0" tag="245">
      <subfield code="a">Los maestros Gilaberte, en el entorno de Molina de Aragón (Guadalajara), y su relación con José Martín de Aldehuela</subfield>
   </datafield>
</record>
</metadata></record></GetRecord></OAI-PMH>